Studio Ghiblin julkaisemat animet - Statistics

Yleistilastot
  • Tätä visaa on pelattu 39 kertaa
  • Keskiarvotulos 9 / 22
Vastaustilastot
Hint Vastaus % Oikein
1988 Naapurini Totoro
94%
2004 Liikkuva linna
85%
2001 Henkien kätkemä
79%
1989 Kikin lähettipalvelu
61%
1997 Prinsessa Mononoke
58%
2002 Kissojen valtakunta
55%
1992 Porco Rosso
55%
2008 Ponyo rantakalliolla
45%
1988 Tulikärpästen hauta
45%
2010 Kätkijät
42%
1986 Laputa - linna taivaalla
39%
1984 Tuulen laakson Nausicaä
39%
2013 Tuuli nousee
33%
2006 Maameren tarinat
30%
1995 Sydämen kuiskaus
27%
1993 Aaltojen kuohu
24%
2011 Kukkulan tyttö, sataman poika
24%
2014 Marnie - Tyttö ikkunassa
24%
1994 Pom Poko
24%
2013 Prinsessa Kaguyan taru
24%
1999 Naapurini Yamadat
18%
1991 Eilisen kuiskaus
15%
Ehtoja vastaavia visoja ei löytynyt
Tulosjakauma
Jokaisen tuloksen saaneiden osuus
Persentiili vastausten määrän mukaan
Tuloshistoriasi
Et ole pelannut tätä visaa